Länder an Strategischen Meerengen - Statistiken

Allgemein
  • Dieses Quiz wurde 59 mal gespielt
  • Das Durchschnittsergebnis liegt bei 15 aus 18
Antwortstatistiken
Name der Straße Land % Korrekt
Koreastraße Sudkorea
100%
Taiwanstraße Taiwan
100%
Straße von Gibraltar Spanien
98%
Taiwanstraße China
96%
Straße von Hormus Iran
96%
Straße von Gibraltar Marokko
96%
Koreastraße Japan
95%
Bosporus Turkei
95%
Dardanellen Turkei
95%
Straße von Gibraltar Vereinigtes Konigreich
88%
Straße von Hormus Oman
86%
Straße von Hormus Vereinigte Arabische Emirate
84%
Straße von Malacca Malaysia
72%
Straße von Malakka Indonesien
70%
Straße von Malacca Singapur
65%
Bab-al-Mandab Jemen
63%
Bab-al-Mandab Eritrea
56%
Bab-al-Mandab Dschibuti
53%
Keine übereinstimmenden Quizze gefunden
Verteilung der Resultate
Anzahl Personen mit jedem Resultat
Perzentil nach korrekt beantworteten Fragen
Ihre Resultats-Entwicklung
Sie haben dieses Quiz noch nicht gespielt